| 000 | 00361nam a22001457a 4500 | ||
|---|---|---|---|
| 003 | OSt | ||
| 008 | 250506b |||||||| |||| 00| 0 eng d | ||
| 100 | _aVEDALANKAR, Vedacharya Dr. Raghuvir | ||
| 245 | _aIshopanishad Arthat Jivan yatra | ||
| 250 | _a15th | ||
| 260 |
_aNew Delhi _bArya Prakashan _c2015 |
||
| 300 | _a88 | ||
| 650 | _aGeneral | ||
| 942 |
_2ddc _cBK |
||
| 999 |
_c13553 _d13553 |
||